Alle Minecraft Verzauberungen - Statistiken

Allgemein
  • Dieses Quiz wurde 95 mal gespielt
  • Das Durchschnittsergebnis liegt bei 24 aus 43
Antwortstatistiken
Antwort % Korrekt
Mending
91%
Protection
91%
Sharpness
90%
Unbreaking
90%
Fire Protection
79%
Flame
78%
Infinity
78%
Fire Aspect
77%
Efficiency
75%
Silk Touch
75%
Fortune
74%
Power
70%
Feather Falling
66%
Knockback
66%
Thorns
66%
Respiration
64%
Blast Protection
61%
Frost Walker
58%
Looting
58%
Smite
57%
Punch
55%
Curse of Vanishing
53%
Soul Speed
53%
Aqua Affinity
52%
Curse of Binding
52%
Luck of the Sea
52%
Bane of Arthropods
49%
Projectile Protection
49%
Piercing
47%
Depth Strider
44%
Lure
44%
Swift Sneak
44%
Multishot
43%
Density
42%
Sweeping Edge
42%
Loyalty
40%
Windburst
40%
Quick Charge
35%
Riptide
35%
Breach
31%
Lunge
31%
Channeling
26%
Impaling
21%
Keine übereinstimmenden Quizze gefunden
Verteilung der Resultate
Anzahl Personen mit jedem Resultat
Perzentil nach korrekt beantworteten Fragen
Ihre Resultats-Entwicklung
Sie haben dieses Quiz noch nicht gespielt